00274nam a2200133Ia 4500008004100000100001400041245001900055250001200074260000900086300000900095650001200104942000700116999001700123190216s9999||||xx |||||||||||||| ||und|| aRajam. Jb 0aAtomic Physics a1st Ed. bNull a1279 aPhysics cBK c33022d33022